000 00348nam a22001457a 4500
008 221207b ||||| |||| 00| 0 eng d
020 _a2900323084689
041 _aeng
080 _2ELEVENTH EDITION
_a61
082 _a61 PAG
100 _a3
101 _aMJK
245 _aDIAGNOSTIC LABORATORY TEST REFERENCE
_cPAGANA PAGANA
942 _2udc
_cBK
999 _c59130
_d59130